VISIT TO YAŞAR UNIVERSITY & PINAR INDUSTRY/ (Record no. 609332)

000 -LEADER
fixed length control field 00531nam a22001817a 4500
003 - CONTROL NUMBER IDENTIFIER
control field NUST
038 ## - RECORD CONTENT LICENSOR
Staff Name Nusrat Nadeem
040 ## - CATALOGING SOURCE
Original cataloging agency Central Library NUST
082 ## - DEWEY DECIMAL CLASSIFICATION NUMBER
Classification number 200
100 ## - MAIN ENTRY--PERSONAL NAME
Personal name Nadir, Humel
245 ## - TITLE STATEMENT
Title VISIT TO YAŞAR UNIVERSITY & PINAR INDUSTRY/
Statement of responsibility, etc. Humel Nadir,
264 ## - PRODUCTION, PUBLICATION, DISTRIBUTION, MANUFACTURE, AND COPYRIGHT NOTICE
Place of production, publication, distribution, manufacture Islamabad,
Name of producer, publisher, distributor, manufacturer NBS NUST,
Date of production, publication, distribution, manufacture, or copyright notice 2024
300 ## - PHYSICAL DESCRIPTION
Extent 27,p;
Other physical details ill;
Dimensions 30,cm.
650 ## - SUBJECT ADDED ENTRY--TOPICAL TERM
Topical term or geographic name entry element EMBA
700 ## - ADDED ENTRY--PERSONAL NAME
Personal name Supervisor: Dr. Zujaja Wahaj
856 ## - ELECTRONIC LOCATION AND ACCESS
Uniform Resource Identifier <a href="http://10.250.8.41:8080/xmlui/handle/123456789/43547">http://10.250.8.41:8080/xmlui/handle/123456789/43547</a>
942 ## - ADDED ENTRY ELEMENTS (KOHA)
Source of classification or shelving scheme
Koha item type Thesis
Holdings
Withdrawn status Permanent Location Current Location Date acquired Full call number Barcode Koha item type
  Central Library (CL) Central Library (CL) 05/28/2024 200 CL-T-7152 Thesis
© 2023 Central Library, National University of Sciences and Technology. All Rights Reserved.